[Event "European Youth Chess Championship G14"]
[Site "Prague, Top Hotel Prague"]
[Date "2012.08.18"]
[Round "2.9"]
[White "Keetman, Maaike"]
[Black "Bluhm, Sonja Maria"]
[Result "1/2-1/2"]
[PlyCount "0"]
[BlackElo "1977"]
[WhiteElo "1802"]

1. e4 {[%clk 1:30:57]} e5 {[%clk 1:30:47]} 2. Nf3 {[%clk 1:31:19]} Nc6
{[%clk 1:31:09]} 3. d4 {[%clk 1:31:41]} exd4 {[%clk 1:31:25]} 4. Nxd4
{[%clk 1:32:03]} Nf6 {[%clk 1:31:39]} 5. Nc3 {[%clk 1:32:21]} Bb4
{[%clk 1:31:43]} 6. Nxc6 {[%clk 1:32:38]} bxc6 {[%clk 1:32:03]} 7. Bd3
{[%clk 1:32:57]} d6 {[%clk 1:32:16]} 8. O-O {[%clk 1:32:31]} h6 {[%clk 1:32:29]}
9. Re1 {[%clk 1:27:47]} O-O {[%clk 1:31:49]} 10. h3 {[%clk 1:24:14]} Re8
{[%clk 1:26:36]} 11. Bf4 {[%clk 1:21:20]} Rb8 {[%clk 1:23:30]} 12. Qf3
{[%clk 1:18:04]} Nd7 {[%clk 1:21:07]} 13. Rad1 {[%clk 1:10:39]} Qf6
{[%clk 1:19:46]} 14. Be2 {[%clk 1:03:26]} Nc5 {[%clk 1:13:03]} 15. Bd2
{[%clk 0:52:59]} Qxf3 {[%clk 0:59:13]} 16. Bxf3 {[%clk 0:52:37]} Bxc3
{[%clk 0:56:22]} 17. Bxc3 {[%clk 0:52:09]} Na4 {[%clk 0:56:11]} 18. Ba5
{[%clk 0:43:37]} Rxb2 {[%clk 0:43:47]} 19. Bxc7 {[%clk 0:42:51]} Rxc2
{[%clk 0:39:32]} 20. Rxd6 {[%clk 0:41:49]} Be6 {[%clk 0:34:46]} 21. e5
{[%clk 0:38:08]} Rc8 {[%clk 0:32:13]} 22. Red1 {[%clk 0:34:11]} g6
{[%clk 0:23:46]} 23. Rd8+ {[%clk 0:27:52]} Rxd8 {[%clk 0:21:49]} 24. Rxd8+
{[%clk 0:28:02]} Kg7 {[%clk 0:18:12]} 25. a3 {[%clk 0:25:53]} Nb6
{[%clk 0:15:46]} 26. Bxb6 {[%clk 0:22:53]} axb6 {[%clk 0:16:09]} 27. Rd6
{[%clk 0:23:08]} c5 {[%clk 0:14:01]} 28. Rxb6 {[%clk 0:22:48]} h5
{[%clk 0:10:30]} 29. Rc6 {[%clk 0:18:25]} c4 {[%clk 0:09:50]} 30. Kf1
{[%clk 0:15:24]} Ra2 {[%clk 0:06:54]} 31. Ke1 {[%clk 0:13:58]} Rxa3
{[%clk 0:06:29]} 32. Kd2 {[%clk 0:14:11]} Ra2+ {[%clk 0:05:06]} 33. Ke3
{[%clk 0:14:20]} Ra5 {[%clk 0:04:18]} 34. Kd4 {[%clk 0:13:57]} Ra2
{[%clk 0:04:05]} 35. Ke3 {[%clk 0:14:05]} Ra3+ {[%clk 0:04:08]} 36. Kd2
{[%clk 0:13:38]} Rd3+ {[%clk 0:03:22]} 37. Kc1 {[%clk 0:13:06]} Ra3
{[%clk 0:02:44]} 38. Kd2 {[%clk 0:12:20]} Ra2+ {[%clk 0:02:39]} 39. Ke3
{[%clk 0:12:31]} Ra3+ {[%clk 0:02:40]} 40. Kd2 {[%clk 0:42:56]} Rd3+
{[%clk 0:32:27]} 41. Kc1 {[%clk 0:43:20]} Rd4 {[%clk 0:19:52]} 42. Kc2
{[%clk 0:42:25]} Rf4 {[%clk 0:19:29]} 43. Kd2 {[%clk 0:41:04]} Rf5
{[%clk 0:19:16]} 44. Rc5 {[%clk 0:41:11]} f6 {[%clk 0:16:05]} 45. exf6+
{[%clk 0:40:53]} Rxf6 {[%clk 0:16:03]} 46. Ke3 {[%clk 0:40:04]} Bf7
{[%clk 0:15:00]} 1/2-1/2

[Event "European Youth Chess Championship G14"]
[Site "Prague, Top Hotel Prague"]
[Date "2012.08.18"]
[Round "2.10"]
[White "Harazinska, Ewa"]
[Black "Pychova, Nela"]
[Result "1-0"]
[PlyCount "0"]
[BlackElo "1786"]
[WhiteElo "1975"]

1. e4 {[%clk 1:30:56]} c5 {[%clk 1:30:44]} 2. c3 {[%clk 1:31:15]} d5
{[%clk 1:30:02]} 3. exd5 {[%clk 1:31:36]} Qxd5 {[%clk 1:30:14]} 4. d4
{[%clk 1:32:00]} Nf6 {[%clk 1:28:48]} 5. Nf3 {[%clk 1:32:18]} Bg4
{[%clk 1:28:13]} 6. Nbd2 {[%clk 1:32:37]} cxd4 {[%clk 1:16:59]} 7. Bc4
{[%clk 1:32:22]} Qh5 {[%clk 0:55:06]} 8. Qb3 {[%clk 1:32:12]} Bc8
{[%clk 0:50:52]} 9. Nxd4 {[%clk 1:25:35]} e6 {[%clk 0:44:15]} 10. N2f3
{[%clk 1:25:06]} Be7 {[%clk 0:42:09]} 11. Bf4 {[%clk 1:19:42]} Qa5
{[%clk 0:35:15]} 12. Bxb8 {[%clk 1:17:21]} Rxb8 {[%clk 0:33:01]} 13. Nc6
{[%clk 1:17:26]} bxc6 {[%clk 0:31:23]} 14. Qxb8 {[%clk 1:17:51]} O-O
{[%clk 0:30:59]} 15. O-O {[%clk 1:16:53]} Nd7 {[%clk 0:28:39]} 16. Qf4
{[%clk 1:15:57]} Bf6 {[%clk 0:27:03]} 17. Qe3 {[%clk 1:01:14]} Nb6
{[%clk 0:23:48]} 18. Bb3 {[%clk 0:57:22]} Ba6 {[%clk 0:22:24]} 19. Rfd1
{[%clk 0:57:38]} Qh5 {[%clk 0:20:38]} 20. h3 {[%clk 0:53:42]} Bb7
{[%clk 0:18:46]} 21. Re1 {[%clk 0:49:20]} Nd5 {[%clk 0:12:30]} 22. Qxa7
{[%clk 0:43:43]} Ba8 {[%clk 0:11:55]} 23. Bxd5 {[%clk 0:43:50]} cxd5
{[%clk 0:11:28]} 24. Qe3 {[%clk 0:42:22]} g5 {[%clk 0:10:24]} 25. Ne5
{[%clk 0:41:21]} Be7 {[%clk 0:08:07]} 26. a4 {[%clk 0:39:44]} Qh6
{[%clk 0:06:54]} 27. a5 {[%clk 0:38:02]} Qg7 {[%clk 0:06:30]} 28. Qe2
{[%clk 0:34:16]} d4 {[%clk 0:05:04]} 29. cxd4 {[%clk 0:34:18]} Rd8
{[%clk 0:04:51]} 30. Red1 {[%clk 0:33:06]} Bd5 {[%clk 0:04:56]} 31. a6
{[%clk 0:27:24]} f5 {[%clk 0:03:30]} 32. Nc6 {[%clk 0:25:49]} Ra8
{[%clk 0:02:59]} 33. b4 {[%clk 0:22:43]} Qf6 {[%clk 0:02:35]} 34. Nxe7+
{[%clk 0:22:55]} Qxe7 {[%clk 0:02:47]} 35. b5 {[%clk 0:23:12]} Qc7
{[%clk 0:01:58]} 36. Qe5 {[%clk 0:23:18]} Qd8 {[%clk 0:02:04]} 37. Rdc1
{[%clk 0:23:06]} Ra7 {[%clk 0:01:40]} 38. Rc5 {[%clk 0:23:22]} h6
{[%clk 0:01:27]} 39. Rac1 {[%clk 0:23:39]} Ra8 {[%clk 0:00:47]} 40. Rc7
{[%clk 0:53:40]} 1-0

[Event "European Youth Chess Championship G14"]
[Site "Prague, Top Hotel Prague"]
[Date "2012.08.18"]
[Round "2.11"]
[White "Jinely, Tamar"]
[Black "Wozniak, Mariola"]
[Result "0-1"]
[WhiteElo "1789"]
[BlackElo "1966"]
[PlyCount "92"]
[EventDate "2012.08.17"]

1. e4 c5 2. Nc3 Nc6 3. g3 g6 4. Bg2 Bg7 5. d3 e6 6. Be3 d6 7. f4 Nge7 8. Nf3
Nd4 9. O-O O-O 10. e5 dxe5 11. fxe5 Nec6 12. Ne4 Nxe5 13. Nxe5 Bxe5 14. c3 Nf5
15. Bxc5 Re8 16. d4 Bg7 17. Qf3 Bd7 18. g4 Bc6 19. Qf2 Nh6 20. Nd6 Re7 21. Bxc6
bxc6 22. g5 Nf5 23. Nxf5 gxf5 24. Bxe7 Qxe7 25. Qg2 Rb8 26. Rae1 c5 27. d5 Qd7
28. dxe6 fxe6 29. Re2 c4 30. Qf2 Bf8 31. Rd2 Qc6 32. Qg2 Qb6+ 33. Kh1 Rb7 34.
Rfd1 Qb5 35. a4 Qa6 36. Rd8 Rf7 37. Rb8 Qxa4 38. Rdd8 Kg7 39. Qh3 Qc6+ 40. Qg2
Qc5 41. Rbc8 Qe3 42. Rb8 f4 43. Rd1 f3 44. Qg1 f2 45. Qg2 Qe1+ 46. Qf1 Qe4+ 0-1

[Event "European Youth Chess Championship G14"]
[Site "Prague, Top Hotel Prague"]
[Date "2012.08.18"]
[Round "2.12"]
[White "Beinenson, Katsiaryna"]
[Black "Fuskova, Martina"]
[Result "1-0"]
[WhiteElo "1946"]
[BlackElo "1752"]
[PlyCount "67"]
[EventDate "2012.08.17"]

1. d4 Nf6 2. Nf3 b6 3. Bf4 Bb7 4. e3 e6 5. Bd3 c5 6. c3 d5 7. O-O Nbd7 8. h3
Be7 9. Nbd2 O-O 10. Bh2 Rc8 11. Qb1 h6 12. Ne5 Bd6 13. f4 Qc7 14. g4 c4 15. Bc2
b5 16. Ndf3 Ne4 17. g5 hxg5 18. Bxe4 dxe4 19. Nxg5 Bxe5 20. fxe5 Qc6 21. Qe1 f6
22. exf6 gxf6 23. Qh4 fxg5 24. Qxg5+ Kh8 25. Qh5+ Kg7 26. Kh1 Rf5 27. Rxf5 exf5
28. Rg1+ Kf8 29. Qh8+ Ke7 30. Rg7+ Ke6 31. Rg6+ Ke7 32. Qg7+ Ke8 33. Rxc6 Rxc6
34. h4 1-0

[Event "European Youth Chess Championship G14"]
[Site "Prague, Top Hotel Prague"]
[Date "2012.08.18"]
[Round "2.13"]
[White "Dmochowska, Agnieszka"]
[Black "Valieva, Rufina"]
[Result "1-0"]
[WhiteElo "1770"]
[BlackElo "1928"]
[PlyCount "85"]
[EventDate "2012.08.17"]

1. e4 c5 2. Nf3 d6 3. c3 Nf6 4. Be2 Nc6 5. d4 cxd4 6. cxd4 Nxe4 7. d5 Qa5+ 8.
Nc3 Nxc3 9. bxc3 Ne5 10. O-O g6 11. Nxe5 dxe5 12. Qb3 a6 13. Ba3 Qc7 14. c4 e6
15. Bxf8 Rxf8 16. Bf3 exd5 17. Bxd5 Ke7 18. Rae1 Kf6 19. Qb2 Be6 20. f4 Kg7 21.
Rxe5 Kg8 22. Rxe6 fxe6 23. Bxe6+ Rf7 24. f5 g5 25. Qf6 Re8 26. Bxf7+ Qxf7 27.
Qxg5+ Kh8 28. Qf4 Qf6 29. Rd1 a5 30. h3 b6 31. Qf2 Rf8 32. g4 Qc3 33. Qd2 Qxd2
34. Rxd2 Rf6 35. Kf2 Kg7 36. Kf3 Rc6 37. g5 h6 38. h4 h5 39. Rc2 Rd6 40. Ke4
Rd1 41. c5 Rh1 42. c6 Rxh4+ 43. Kf3 1-0

[Event "European Youth Chess Championship G14"]
[Site "Prague, Top Hotel Prague"]
[Date "2012.08.18"]
[Round "2.14"]
[White "Malatsilava, Volha"]
[Black "Lahav, Michal"]
[Result "1-0"]
[WhiteElo "1926"]
[BlackElo "1744"]
[PlyCount "53"]
[EventDate "2012.08.17"]

1. e4 e6 2. d4 d5 3. Nc3 Bb4 4. e5 c5 5. Bd2 a6 6. Qg4 Ne7 7. dxc5 Nbc6 8. Qxg7
Rg8 9. Qf6 Ng6 10. Qxd8+ Kxd8 11. f4 Bxc5 12. Nf3 Nb4 13. O-O-O Bd7 14. Ng5 Ke7
15. a3 Nc6 16. Nxh7 Nh4 17. Nf6 Rg7 18. g4 Nf3 19. Bg2 Nxd2 20. Kxd2 Na5 21.
Bf1 Nc4+ 22. Bxc4 dxc4 23. Nxd7 Kxd7 24. Ke2+ Kc7 25. Ne4 Ba7 26. Nf6 Rh8 27.
h4 1-0

[Event "European Youth Chess Championship G14"]
[Site "Prague, Top Hotel Prague"]
[Date "2012.08.18"]
[Round "2.15"]
[White "Egyed, Viktoria"]
[Black "Dyakonova, Ekaterina"]
[Result "1-0"]
[WhiteElo "1748"]
[BlackElo "1921"]
[PlyCount "39"]
[EventDate "2012.08.17"]

1. e4 e5 2. Nf3 Nc6 3. Bb5 a6 4. Ba4 Nf6 5. d3 b5 6. Bb3 Be7 7. O-O O-O 8. c3
d5 9. Nbd2 Re8 10. Re1 Bf8 11. Nf1 d4 12. Bg5 Bc5 13. Bd5 Bb7 14. cxd4 Bxd4 15.
Nxd4 exd4 16. Rc1 Qd6 17. Bxf6 Qxf6 18. e5 Qg6 19. e6 Rxe6 20. Rxe6 1-0

[Event "European Youth Chess Championship G14"]
[Site "Prague, Top Hotel Prague"]
[Date "2012.08.18"]
[Round "2.16"]
[White "Malassagne, Isabelle"]
[Black "Semonaviciute, Agne"]
[Result "1-0"]
[WhiteElo "1897"]
[BlackElo "1656"]
[PlyCount "87"]
[EventDate "2012.08.17"]

1. d4 Nf6 2. c4 e6 3. Nc3 Bb4 4. e3 O-O 5. Bd3 d5 6. cxd5 exd5 7. Nge2 c6 8.
O-O Bd6 9. f3 Qc7 10. h3 Nh5 11. e4 dxe4 12. fxe4 Qb6 13. Kh1 Ng3+ 14. Nxg3
Bxg3 15. Bc4 Na6 16. Rxf7 Rxf7 17. Qf3 Qc7 18. Bxf7+ Qxf7 19. Qxg3 Be6 20. Be3
Nb4 21. a3 Nc2 22. Rc1 Nxe3 23. Qxe3 Rf8 24. Kg1 Bb3 25. Ne2 Kh8 26. Ng3 Bc4
27. Nf5 Ba6 28. Nd6 Qe6 29. e5 Rd8 30. Qf3 Kg8 31. Rc2 Rf8 32. Qc3 Qd5 33. Rd2
c5 34. Qe3 cxd4 35. Qxd4 Rf1+ 36. Kh2 Qxd4 37. Rxd4 Rf2 38. Rb4 Re2 39. Nxb7
Rxe5 40. Nd6 Kf8 41. Ra4 Bf1 42. Rf4+ Ke7 43. Nf5+ Rxf5 44. Rxf5 1-0

[Event "European Youth Chess Championship G14"]
[Site "Prague, Top Hotel Prague"]
[Date "2012.08.18"]
[Round "2.17"]
[White "Temel, Burcu Melis"]
[Black "Janska, Jitka"]
[Result "0-1"]
[WhiteElo "1615"]
[BlackElo "1892"]
[PlyCount "48"]
[EventDate "2012.08.17"]

1. e4 e5 2. Nf3 Nc6 3. Bb5 a6 4. Ba4 Nf6 5. O-O Be7 6. Bxc6 dxc6 7. d3 Qd6 8.
Nbd2 Be6 9. Ng5 O-O-O 10. Nxe6 Qxe6 11. a3 h5 12. b4 g5 13. Nc4 g4 14. Qe2 h4
15. Bb2 Bd6 16. Rab1 Nh5 17. g3 Rdg8 18. a4 Rh7 19. Ne3 Bxb4 20. Bxe5 Qxe5 21.
Rxb4 hxg3 22. fxg3 Nxg3 23. hxg3 Qxg3+ 24. Ng2 Rgh8 0-1

[Event "European Youth Chess Championship G14"]
[Site "Prague, Top Hotel Prague"]
[Date "2012.08.18"]
[Round "2.18"]
[White "Kasapchuk, Oleksandra"]
[Black "Dadello, Aleksandra"]
[Result "0-1"]
[WhiteElo "1604"]
[BlackElo "1888"]
[PlyCount "80"]
[EventDate "2012.08.17"]

1. e4 e5 2. Nf3 Nc6 3. Bb5 a6 4. Ba4 Nf6 5. O-O b5 6. Bb3 Bc5 7. a4 Rb8 8. axb5
axb5 9. c3 d6 10. d4 Bb6 11. Na3 Bg4 12. Nxb5 O-O 13. Be3 Qd7 14. Qd3 Bxf3 15.
gxf3 Qh3 16. Qd1 Nh5 17. Kh1 Ne7 18. Rg1 Ng6 19. Qf1 Qe6 20. c4 c5 21. d5 Qd7
22. Ba4 Ra8 23. Nc3 Qe7 24. Bc6 Rxa1 25. Qxa1 Nhf4 26. Qa6 Rb8 27. Nb5 Nd3 28.
b3 Qf6 29. Rg3 Ngf4 30. Qa1 h5 31. Qf1 Bd8 32. Bd7 Kh7 33. Bd2 Ra8 34. Bc3 Ba5
35. h3 Bxc3 36. Nxc3 Ra2 37. Bf5+ g6 38. Bd7 Qd8 39. Bb5 Rc2 40. Qa1 Rc1+ 0-1

[Event "European Youth Chess Championship G14"]
[Site "Prague, Top Hotel Prague"]
[Date "2012.08.18"]
[Round "2.19"]
[White "Vidic, Teja"]
[Black "Liscinska, Jana"]
[Result "1-0"]
[WhiteElo "1888"]
[BlackElo "1589"]
[PlyCount "101"]
[EventDate "2012.08.17"]

1. e4 e5 2. Nf3 Nc6 3. d4 exd4 4. Nxd4 Bc5 5. Nb3 Bb6 6. Nc3 Qf6 7. Qe2 Nge7 8.
Be3 Bxe3 9. Qxe3 a6 10. O-O-O d6 11. Nd5 Nxd5 12. exd5+ Ne7 13. Re1 Bf5 14. Nd4
Bg6 15. h4 h5 16. Rh3 Kd7 17. Rf3 Bf5 18. Qxe7+ Qxe7 19. Rxe7+ Kxe7 20. Nxf5+
Kf8 21. Rc3 g6 22. Ne3 Rc8 23. Rb3 b6 24. Bxa6 Ra8 25. Ra3 Ke7 26. Ra4 f5 27.
g3 Kf6 28. f4 Rhe8 29. Kd2 Reb8 30. Bb5 Rxa4 31. Bxa4 Ra8 32. Bb3 Re8 33. c3
Re7 34. Nc2 Re4 35. Nd4 Re7 36. Ne6 Kf7 37. Kd3 Re8 38. Kc4 c6 39. Ng5+ Ke7 40.
dxc6 Kd8 41. Kb5 Kc7 42. Ne6+ Kb8 43. Kxb6 g5 44. c7+ Kc8 45. Nxg5 Re7 46. Be6+
Rxe6 47. Nxe6 d5 48. Nd4 Kd7 49. Kb7 Ke7 50. c8=Q Kf6 51. Qxf5+ 1-0

[Event "European Youth Chess Championship G14"]
[Site "Prague, Top Hotel Prague"]
[Date "2012.08.18"]
[Round "2.20"]
[White "Kubosova, Jana"]
[Black "Menzi, Nezihe Ezgi"]
[Result "0-1"]
[WhiteElo "1497"]
[BlackElo "1876"]
[PlyCount "54"]
[EventDate "2012.08.17"]

1. d4 Nf6 2. Bg5 Ne4 3. Bf4 c5 4. c3 cxd4 5. Qxd4 Qb6 6. Qxb6 axb6 7. Bc7 Nc5
8. Nd2 d5 9. c4 Nc6 10. a3 d4 11. Ngf3 Nd7 12. b4 Nxb4 13. Nxd4 e5 14. Rb1 exd4
15. axb4 Ra4 16. b5 Bb4 17. e3 dxe3 18. fxe3 Bc5 19. Bf4 O-O 20. Bd3 Re8 21.
Ke2 Ne5 22. Bxe5 Rxe5 23. Ne4 Bg4+ 24. Kf2 Ra2+ 25. Kg3 Be2 26. Kf4 Bxd3 27.
Rbd1 Rxe4+ 0-1

[Event "European Youth Chess Championship G14"]
[Site "Prague, Top Hotel Prague"]
[Date "2012.08.18"]
[Round "2.21"]
[White "Gazikova, Veronika"]
[Black "Ruth, Katarina"]
[Result "1-0"]
[WhiteElo "2033"]
[BlackElo "1483"]
[PlyCount "47"]
[EventDate "2012.08.17"]

1. e4 c5 2. Nf3 d6 3. d4 cxd4 4. Nxd4 Nf6 5. Nc3 g6 6. f4 e6 7. Be3 Bg7 8. Ndb5
Bf8 9. Nxa7 Bd7 10. Nab5 Bxb5 11. Bxb5+ Nc6 12. Qd2 Qc7 13. O-O-O Ke7 14. Rhe1
Bg7 15. e5 dxe5 16. Bc5+ Ke8 17. fxe5 Nd7 18. Bd6 Qa5 19. Qg5 Qd8 20. Qf4 h5
21. Kb1 Bh6 22. Qf3 Rc8 23. Ne4 Na7 24. Nf6+ 1-0

[Event "European Youth Chess Championship G14"]
[Site "Prague, Top Hotel Prague"]
[Date "2012.08.18"]
[Round "2.22"]
[White "Wu, Min"]
[Black "Santeramo, Alessia"]
[Result "1-0"]
[WhiteElo "1831"]
[BlackElo "1867"]
[PlyCount "114"]
[EventDate "2012.08.17"]

1. e4 c5 2. Nf3 e6 3. d4 cxd4 4. Nxd4 a6 5. Bd3 Bc5 6. Nb3 Ba7 7. Qg4 Nf6 8.
Qg3 Nc6 9. Nc3 d6 10. Bg5 b5 11. O-O-O b4 12. Ne2 e5 13. f4 Be6 14. Rhf1 h6 15.
fxe5 hxg5 16. exf6 gxf6 17. h3 Ne5 18. Kb1 a5 19. Bb5+ Kf8 20. Ned4 Bxb3 21.
Qxb3 Bxd4 22. Rxd4 Qb6 23. Qd5 Kg7 24. Qxd6 Qxd6 25. Rxd6 Rh6 26. Kc1 Rc8 27.
Ba6 Rc6 28. Rxc6 Nxc6 29. Rd1 Rh4 30. Bb7 Ne5 31. Bd5 Rf4 32. c4 bxc3 33. bxc3
Kf8 34. Kc2 Ke7 35. Rd2 a4 36. Kb2 Ke8 37. Ka3 Rxe4 38. Bxe4 Nc4+ 39. Kxa4 Nxd2
40. Bd5 f5 41. Kb4 f6 42. a4 Kd7 43. a5 Kc7 44. Bf3 Nb1 45. Kc4 Na3+ 46. Kd5
Nb5 47. Ke6 g4 48. hxg4 fxg4 49. Bxg4 Nxc3 50. Kxf6 Nd5+ 51. Ke5 Ne3 52. Bf3
Nc4+ 53. Kf6 Nxa5 54. g4 Nc4 55. g5 Nd6 56. g6 Kd8 57. Bc6 Kc7 1-0

[Event "European Youth Chess Championship G14"]
[Site "Prague, Top Hotel Prague"]
[Date "2012.08.18"]
[Round "2.23"]
[White "Kyrkjebo, Hanna B"]
[Black "Kahya, Gizem"]
[Result "1/2-1/2"]
[WhiteElo "1546"]
[BlackElo "1705"]
[PlyCount "81"]
[EventDate "2012.08.17"]

1. e4 e5 2. Nf3 Nc6 3. Nc3 Nf6 4. Bb5 Bb4 5. O-O O-O 6. d3 d6 7. Bg5 Bxc3 8.
bxc3 Qe7 9. h3 h6 10. Bh4 a6 11. Bc4 Be6 12. Bb3 Bxb3 13. cxb3 Qe6 14. Re1 Ne7
15. Bg3 Ng6 16. Qd2 Nh5 17. Bh2 Nhf4 18. Bxf4 Nxf4 19. Nh4 Ng6 20. Nf5 Ne7 21.
Nxe7+ Qxe7 22. d4 Qg5 23. Qxg5 hxg5 24. Rad1 exd4 25. cxd4 Rfe8 26. d5 Re5 27.
f3 Rae8 28. Kf2 g6 29. Rd3 f5 30. Rde3 Kf7 31. R1e2 c6 32. Rd3 cxd5 33. Rxd5
Rxd5 34. exd5 Rxe2+ 35. Kxe2 Kf6 36. Kd3 Ke5 37. Kc4 b5+ 38. Kd3 Kxd5 39. b4
Ke5 40. g3 f4 41. g4 1/2-1/2

[Event "European Youth Chess Championship G14"]
[Site "Prague, Top Hotel Prague"]
[Date "2012.08.18"]
[Round "2.24"]
[White "Vasenina, Anna"]
[Black "Glapa, Anna"]
[Result "1-0"]
[WhiteElo "1978"]
[BlackElo "1594"]
[PlyCount "89"]
[EventDate "2012.08.17"]

1. e4 c5 2. Nf3 d6 3. d4 cxd4 4. Nxd4 Nf6 5. Nc3 Nc6 6. Bg5 e6 7. Qd2 a6 8. f4
Bd7 9. O-O-O Be7 10. Nxc6 Bxc6 11. Bd3 b5 12. Rhe1 Qc7 13. Bxf6 Bxf6 14. Nd5
Bxd5 15. exd5 e5 16. g4 Be7 17. fxe5 dxe5 18. Qg2 Qd6 19. g5 O-O 20. Rg1 Qb6
21. Qh3 g6 22. Rg4 Qd8 23. Qg3 Qxd5 24. Bxg6 Qxa2 25. Bd3 Qa1+ 26. Kd2 Qxb2 27.
Qh4 e4 28. Rxe4 Rfd8 29. Ke2 Bc5 30. Kf3 Qg7 31. Rde1 b4 32. Rc4 Bd4 33. Re7
Be5 34. Bxh7+ Qxh7 35. Qxh7+ Kxh7 36. Rxe5 Rd2 37. h4 a5 38. Rf5 Kg8 39. Rc7 a4
40. Rfxf7 a3 41. Rg7+ Kf8 42. Rcf7+ Ke8 43. g6 Rd3+ 44. cxd3 Ra7 45. Rg8# 1-0

[Event "European Youth Chess Championship G14"]
[Site "Prague, Top Hotel Prague"]
[Date "2012.08.18"]
[Round "2.25"]
[White "Hojjatova, Aydan"]
[Black "Parhomenko, Margarita"]
[Result "1-0"]
[WhiteElo "1920"]
[BlackElo "1591"]
[PlyCount "95"]
[EventDate "2012.08.17"]

1. e4 c6 2. d4 g6 3. Nc3 d5 4. h3 Bg7 5. Nf3 Nh6 6. Bd3 O-O 7. Qe2 dxe4 8. Nxe4
Bf5 9. c3 Nd7 10. Bf4 Bxe4 11. Bxe4 Nf6 12. Bd3 Qc8 13. O-O Re8 14. Ne5 Nd5 15.
Bd2 Nf5 16. Rae1 Nd6 17. c4 Nf6 18. Bc3 Nd7 19. f4 f6 20. Nf3 Qc7 21. c5 Nf7
22. f5 Nf8 23. Qf2 Bh6 24. Nh4 Kg7 25. fxg6 hxg6 26. Bc4 Rad8 27. Bd3 Rd5 28.
Bc4 Rdd8 29. Re2 Bg5 30. Nf3 Bf4 31. Bxf7 Bg3 32. Qe3 Bf4 33. Qe4 f5 34. Qc2
Kxf7 35. Qb3+ Rd5 36. Ne1 Bg5 37. Nd3 Kg7 38. Nb4 Rd7 39. d5+ Bf6 40. Rfe1 Red8
41. dxc6 bxc6 42. Na6 Qb7 43. Qxb7 Rxb7 44. Rxe7+ Rxe7 45. Rxe7+ Kh6 46. Bxf6
Nh7 47. Rxh7+ Kxh7 48. Bxd8 1-0

[Event "European Youth Chess Championship G14"]
[Site "Prague, Top Hotel Prague"]
[Date "2012.08.18"]
[Round "2.26"]
[White "Meszarosova, Eva"]
[Black "Gueci, Tea"]
[Result "1/2-1/2"]
[WhiteElo "1580"]
[BlackElo "1917"]
[PlyCount "100"]
[EventDate "2012.08.17"]

1. e4 c5 2. Nf3 d6 3. d4 cxd4 4. Nxd4 Nf6 5. Nc3 a6 6. g3 e5 7. Nb3 Be6 8. Bg2
Nbd7 9. O-O Be7 10. a4 O-O 11. h3 Rc8 12. Be3 Nb6 13. Nd2 Nc4 14. Nxc4 Bxc4 15.
Re1 Qa5 16. Bd2 Qc7 17. Rc1 Rfd8 18. Nd5 Bxd5 19. exd5 b5 20. axb5 axb5 21. g4
Nd7 22. g5 Nb6 23. b3 Qb7 24. Qf3 Rc7 25. Be3 Rdc8 26. Re2 Rc3 27. h4 Nd7 28.
Qg4 Bd8 29. h5 Nf8 30. Be4 g6 31. Bd2 R3c7 32. Re3 Rd7 33. Rh3 Re7 34. h6 Qa6
35. Qf3 Rec7 36. Qd1 Ra8 37. Rg3 Nd7 38. Be3 Nc5 39. Bg2 Nd7 40. f4 Rc3 41. Bf2
Rxg3 42. Bxg3 Bb6+ 43. Bf2 Bxf2+ 44. Kxf2 Qb6+ 45. Kf3 exf4 46. Qd2 Re8 47. Re1
Rxe1 48. Qxe1 Ne5+ 49. Ke4 Qc5 50. Qd2 Kf8 1/2-1/2

[Event "European Youth Chess Championship G14"]
[Site "Prague, Top Hotel Prague"]
[Date "2012.08.18"]
[Round "2.27"]
[White "Sagadijeva, Anna"]
[Black "Babic, Tijana"]
[Result "1-0"]
[WhiteElo "1890"]
[BlackElo "1566"]
[PlyCount "75"]
[EventDate "2012.08.17"]

1. c4 e5 2. Nc3 Nf6 3. e3 Nc6 4. d4 exd4 5. exd4 Bb4 6. Nf3 d6 7. d5 Ne5 8.
Nxe5 dxe5 9. Qa4+ c6 10. Qxb4 cxd5 11. cxd5 a6 12. Be2 Nxd5 13. Nxd5 Qxd5 14.
O-O Qe6 15. Bc4 Qg4 16. b3 b5 17. Ba3 Ra7 18. Qc5 bxc4 19. Qxa7 Qd7 20. Qxd7+
Bxd7 21. bxc4 f6 22. Rfd1 Be6 23. Rd6 Kf7 24. c5 Bc4 25. c6 Rc8 26. Rc1 Bb5 27.
c7 a5 28. Rd5 Be2 29. Rxa5 Ke8 30. Rac5 h6 31. Bb4 Kd7 32. a4 Ke8 33. a5 Kd7
34. Rc6 Bb5 35. Rd6+ Ke8 36. a6 Bxa6 37. Rxa6 Kd7 38. Bd6 1-0

[Event "European Youth Chess Championship G14"]
[Site "Prague, Top Hotel Prague"]
[Date "2012.08.18"]
[Round "2.28"]
[White "Stallinger, Vanessa"]
[Black "Heinemann, Josefine"]
[Result "0-1"]
[WhiteElo "1550"]
[BlackElo "1839"]
[PlyCount "58"]
[EventDate "2012.08.17"]

1. e4 c5 2. c3 Nf6 3. e5 Nd5 4. d4 cxd4 5. Nf3 Nc6 6. cxd4 d6 7. Bc4 e6 8. O-O
Be7 9. Re1 O-O 10. Bxd5 exd5 11. exd6 Bxd6 12. Nc3 Bg4 13. Be3 Rc8 14. h3 Be6
15. Qb3 Na5 16. Qb5 a6 17. Qd3 Qd7 18. Bd2 Nc4 19. Bc1 Bf5 20. Qd1 Rfd8 21. b3
Nb6 22. Ne2 Rc2 23. Ng3 Bxg3 24. fxg3 f6 25. Ba3 Re8 26. Bc5 Nc8 27. Rxe8+ Qxe8
28. Kf1 Qe3 29. Qe1 Bd3+ 0-1

[Event "European Youth Chess Championship G14"]
[Site "Prague, Top Hotel Prague"]
[Date "2012.08.18"]
[Round "2.29"]
[White "Roklicer, Heike"]
[Black "Vangsgaard, Freja"]
[Result "1-0"]
[WhiteElo "1743"]
[BlackElo "1550"]
[PlyCount "149"]
[EventDate "2012.08.17"]

1. c4 Nf6 2. Nc3 b6 3. d4 e6 4. Bg5 h6 5. Bh4 Bb4 6. f3 Bb7 7. e4 Bxc3+ 8. bxc3
d6 9. Bd3 Nbd7 10. Ne2 e5 11. Qb3 Qe7 12. Ng3 O-O-O 13. Nh5 g5 14. Nxf6 Qxf6
15. Bf2 h5 16. h4 Rdg8 17. hxg5 Qxg5 18. Rg1 h4 19. Qd1 Qf4 20. Qe2 Qh2 21. Qf1
Rg7 22. Rh1 Qxg2 23. Qxg2 Rxg2 24. Rxh4 Rxh4 25. Bxh4 Ba6 26. Bf2 Rh2 27. Kf1
Rh1+ 28. Bg1 Rh5 29. Rd1 Nf8 30. Rd2 Ne6 31. Be3 Rh1+ 32. Ke2 Rc1 33. d5 Nc5
34. Bxc5 bxc5 35. Rd1 Rxc3 36. Kd2 Ra3 37. Ra1 Kd7 38. Kc2 Ke7 39. Rf1 Rxa2+
40. Kb3 Rd2 41. Kc3 Rg2 42. Ra1 Bc8 43. Rxa7 Kd8 44. Bc2 Rg3 45. Ra8 Rxf3+ 46.
Kb2 Rf2 47. Kb1 Rd2 48. Kb2 Re2 49. Kc3 Rf2 50. Ba4 f5 51. Bc6 fxe4 52. Bb7 e3
53. Bxc8 e2 54. Kd2 Rf8 55. Be6+ Ke7 56. Ra7 Kd8 57. Kxe2 Re8 58. Kd3 Rf8 59.
Ra8+ Ke7 60. Rxf8 Kxf8 61. Ke4 Ke8 62. Kf5 Ke7 63. Kg6 c6 64. Kf5 cxd5 65. Bxd5
e4 66. Bxe4 d5 67. Bxd5 Kd7 68. Kf6 Kd6 69. Be4 Kc7 70. Ke6 Kb6 71. Kd6 Ka7 72.
Kxc5 Kb8 73. Kb6 Kc8 74. c5 Kb8 75. c6 1-0

[Event "European Youth Chess Championship G14"]
[Site "Prague, Top Hotel Prague"]
[Date "2012.08.18"]
[Round "2.30"]
[White "Pashkuridze, Tamar"]
[Black "Suchomelova, Simona"]
[Result "1-0"]
[WhiteElo "1538"]
[BlackElo "1742"]
[PlyCount "133"]
[EventDate "2012.08.17"]

1. d4 Nf6 2. c4 g6 3. Nc3 Bg7 4. e4 d6 5. Nf3 Nbd7 6. Be2 O-O 7. O-O e5 8. dxe5
dxe5 9. Be3 c6 10. Qc2 Qc7 11. Rfd1 Rd8 12. h3 b6 13. b4 Bb7 14. c5 Bf8 15. Na4
Be7 16. a3 b5 17. Nc3 a5 18. Qb2 Nh5 19. Na2 Nf4 20. Nc3 Nf8 21. Bf1 N8e6 22.
Qc2 Bf6 23. g3 Nh5 24. Ne2 axb4 25. axb4 Rxa1 26. Rxa1 Nd4 27. Bxd4 exd4 28.
Rd1 Rd7 29. Rd3 Re7 30. Rd1 Rd7 31. Qd3 Ng7 32. h4 Ne6 33. Bh3 Qd8 34. e5 Bg7
35. Bxe6 fxe6 36. Nexd4 Rd5 37. Qe3 Qc7 38. Re1 Qd7 39. Qf4 Bc8 40. Kg2 h6 41.
Qg4 Kh7 42. Qf4 Kg8 43. Nb3 Qc7 44. Na5 Bd7 45. Qe4 Kf7 46. Nb3 Bc8 47. Nbd4
Qd7 48. Ne2 Rd1 49. Rxd1 Qxd1 50. Nf4 Qd7 51. Qxg6+ Kf8 52. Qe4 Qc7 53. Qd4 Kf7
54. Qe4 Kf8 55. Ne2 Bd7 56. Ned4 Ke7 57. Qh7 Kf8 58. Qg6 Qc8 59. Qg4 Kf7 60.
Qf4+ Ke7 61. Nd2 Qh8 62. N4f3 Qf8 63. Qd4 Kd8 64. Ne4 Ke7 65. Nd6 Qd8 66. Qe4
Be8 67. Nd4 1-0